书目信息 |
| 题名: |
药事管理与法规分册
|
|
| 作者: | 史录文 , 江滨 主编 | |
| 分册: | ||
| 出版信息: | 北京 北京医科大学出版社 2003.05 |
|
| 页数: | 203页 | |
| 开本: | 26cm | |
| 丛书名: | 国家执业药师资格考试丛书 | |
| 单 册: | ||
| 中图分类: | R95-44 | |
| 科图分类: | ||
| 主题词: | 药剂人员--资格考试--习题 , 药事法规--资格考核--习题--中国 , 药事组织 | |
| 电子资源: | ||
| ISBN: | 7-81071-457-0 | |
| 000 | 00905nam0 2200289 45 | |
| 001 | 012003000001 | |
| 005 | 20040329142154.0 | |
| 010 | @a7-81071-457-0@dCNY26.50 | |
| 100 | @a20041111d2003 em y0chiy50 ea | |
| 101 | 0 | @achi |
| 102 | @aCN@b110000 | |
| 105 | @ay q 000yy | |
| 200 | 1 | @a药事管理与法规分册@Ayao shi guan li yu fa gui fen ce@f史录文,江滨主编@Fshi lu wen,jiang bin zhu bian |
| 210 | @a北京@c北京医科大学出版社@d2003.05 | |
| 215 | @a203页@d26cm | |
| 225 | 2 | @a国家执业药师资格考试丛书 |
| 300 | @a2004国家执业药师资格考试全能强化题集 | |
| 410 | 0 | @12001 @a国家执业药师资格考试丛书 |
| 606 | 0 | @a药剂人员@x资格考试@j习题 |
| 606 | 0 | @a药事法规@x资格考核@j习题@y中国 |
| 606 | 0 | @a药事组织 |
| 690 | @aR95-44@v4 | |
| 701 | 0 | @a史录文@Ashi lu wen@4主编 |
| 701 | 0 | @a江滨@Ajiang bin@4主编 |
| 801 | 0 | @aCN@bBZT@c20041111 |
| 905 | @aBZT@dR95-44@e1@f10 | |
| 906 | @dCNY26.50@n0@r1 | |
| 药事管理与法规分册/史录文,江滨主编.-北京:北京医科大学出版社,2003.05 |
| 203页;26cm.-(国家执业药师资格考试丛书) |
| 2004国家执业药师资格考试全能强化题集 |
| ISBN 7-81071-457-0:CNY26.50 |
| ● |
| 相关链接 |
|
|
|
正题名:药事管理与法规分册
索取号:R95-44/1
 
预约/预借
| 序号 | 登录号 | 条形码 | 馆藏地/架位号 | 状态 | 备注 |
| 1 | 0375060 | 200906289 | 样本书库/样003架B面5层2列/ [索取号:R95-44/1] | 在馆 | |
| 2 | 0375061 | 200906298 | 中心书库中库/ 中库015架A面5列4层32/ [索取号:R95-44/1] | 在馆 | |
| 3 | 0375062 | 200906261 | 中心书库中库/ 中库015架A面5列4层27/ [索取号:R95-44/1] | 在馆 | |
| 4 | 0375063 | 200906270 | 中心书库中库/ 中库015架A面5列4层28/ [索取号:R95-44/1] | 在馆 | |
| 5 | 0375064 | 200906243 | 中心书库中库/ 中库015架A面5列4层33/ [索取号:R95-44/1] | 在馆 | |
| 6 | 0375065 | 200906252 | 中心书库中库/ 中库015架A面5列4层31/ [索取号:R95-44/1] | 在馆 | |
| 7 | 0375066 | 200906225 | 中心书库中库/ 中库015架A面5列4层26/ [索取号:R95-44/1] | 在馆 | |
| 8 | 0375067 | 200906234 | 中心书库中库/ 中库015架A面5列4层34/ [索取号:R95-44/1] | 在馆 | |
| 9 | 0375068 | 200906207 | 中心书库中库/ 中库015架A面5列4层29/ [索取号:R95-44/1] | 在馆 | |
| 10 | 0375069 | 200906216 | 中心书库中库/ 中库015架A面5列4层30/ [索取号:R95-44/1] | 在馆 |